000 00502nam a22001937a 4500
001 00028733
005 20260409141714.0
008 260409b ag ||||| |||| 00| 0 spa d
020 _a97884413242131
040 _bspa
_cAR-CcCEOS
080 _a950
090 _bALB
100 1 _aAlbanese, Marilia
_91037
245 _aAngkor :
_bEl esplendor de los khmer /
_cMarilia Albanese
260 _aBarcelona :
_bFolio,
_cc2008.
300 _a144 p. ;
_c30x23 cm.
650 0 _ahistoria
942 _2udc
_cBK
999 _c28768
_d28768
945 _a66467
_bMelina Rolando
_c66467
_dMelina Rolando